Production and operations management (Record no. 761)

MARC details
000 -LEADER
fixed length control field 00489 a2200181 4500
001 - CONTROL NUMBER
control field 066754
003 - CONTROL NUMBER IDENTIFIER
control field OSt
005 - DATE AND TIME OF LATEST TRANSACTION
control field 20211007112120.0
008 - FIXED-LENGTH DATA ELEMENTS--GENERAL INFORMATION
fixed length control field
082 ## - DEWEY DECIMAL CLASSIFICATION NUMBER
Classification number 658.5
Item number A98P
100 1# - MAIN ENTRY--PERSONAL NAME
Personal name Aswathappa, K.
245 1# - TITLE STATEMENT
Title Production and operations management
Statement of responsibility, etc by K. Aswathappa and K. Shridhara Bhat
260 ## - PUBLICATION, DISTRIBUTION, ETC. (IMPRINT)
Place of publication, distribution, etc Mumbai
Name of publisher, distributor, etc Himalaya Publishing
Date of publication, distribution, etc 2010
300 ## - PHYSICAL DESCRIPTION
Extent 656p.
690 ## - LOCAL SUBJECT ADDED ENTRY--TOPICAL TERM (OCLC, RLIN)
Topical term or geographic name as entry element Production management
700 ## - ADDED ENTRY--PERSONAL NAME
Personal name Bhat, K. Shridhara
942 ## - ADDED ENTRY ELEMENTS (KOHA)
Source of classification or shelving scheme Dewey Decimal Classification
Koha item type Books
Holdings
Withdrawn status Lost status Source of classification or shelving scheme Damaged status Not for loan Collection code Home library Current library Date acquired Source of acquisition Cost, normal purchase price Total Checkouts Full call number Barcode Date last seen Date checked out Price effective from Koha item type
    Dewey Decimal Classification     General Text Book Central University Of Rajasthan Central University Of Rajasthan 07/03/2012 MGM 410.00 5 658.5 A98P 1040 21/11/2024 08/04/2024 02/09/2020 Books